[Event "Regionalliga Sued-Ost 1819"]
[Site "Bayern"]
[Date "2018.12.16"]
[Round "4.8"]
[White "Crone, Stephan"]
[Black "Vomberg, Daniel"]
[Result "1-0"]
[WhiteElo "1830"]
[BlackElo "1414"]
[PlyCount "49"]
[EventDate "2018.10.21"]
[EventType "team-tourn"]
[EventRounds "9"]
[EventCountry "GER"]
[SourceTitle "EXT 2022"]
[Source "ChessBase"]
[SourceDate "2021.10.06"]
[SourceVersion "1"]
[SourceVersionDate "2021.10.06"]
[SourceQuality "1"]
[WhiteTeam "Ilmmuenster"]
[BlackTeam "Ingolstadt"]
[WhiteTeamCountry "GER"]
[BlackTeamCountry "GER"]

1. e4 d5 2. exd5 Qxd5 3. Nc3 Qd8 4. d4 Nf6 5. Bc4 e6 6. Nge2 Be7 7. Bg5 Nbd7 8. 0-0 0-0 9. Bf4 a6 10. a4 h6 11. Qd3 b6 12. Qg3 Kh8 13. Bxc7 Qe8 14. d5 Bb7 15. dxe6 fxe6 16. Nf4 g5 17. Nxe6 Nh5 18. Qe3 Ndf6 19. Nxf8 Qxf8 20. Qxb6 Bc8 21. Nd5 Nd7 22. Qg6 Nhf6 23. Nxe7 Qxe7 24. Qxh6+ Nh7 25. Rae1 1-0